000 00574nam a2200229Ia 4500
005 20241129115843.0
008 241129s9999||||xx |||||||||||||| ||und||
020 _a9789354356209
037 _aTB
040 _aSDCL
_beng
_cSDCL
041 _aeng
_2eng
084 _aW, R2
_qSDCL
100 _aHeywood Andrew
245 0 _aPolitical theory : an introduction
250 _a4th
260 _aNew Delhi
_bBloomsbury
_c2022
300 _axxii,417p.
365 _aINR
_b699
650 _aPolitical Science
942 _cTB
_hW, R2
999 _c1232295
_d1232295